LEADER 01193nam a2200265 i 4500 001 000000173503 003 CaOOAMICUS 005 20080721000000.0 008 080721s1952 it u000 u ita u 013 $a150956 040 $aSeMil$bita 100 1 $aCeram, C.W.$0(OLS)http://semarc/name/23456 240 10$aGötter, Gräber und Gelehrte : (Roman der Archäologie).$0(OLS)http://semarc/title/248564 245 10$aCiviltà sepolte :$bil romanzo dell'archeologia /$cC.W. Ceram ; Prefazione di Ranuccio Bianchi Bandinelli. 260 $aTorino :$bGiulio Einaudi,$ccopyr. 1952. 300 $a502 p., [36] p. di tav. :$bill. ;$c22 cm. 490 0 $aSaggi ;$v161 500 $aContiene : Bibliografia. 650 4$aArcheologia.$0(OLS)http://semarc/subject/922 700 1 $aBianchi Bandinelli, Ranuccio,$d<1900-1975>.$0(OLS)http://semarc/name/1435 830 0$aSaggi ;$v161.$0(OLS)http://semarc/title/341 850 $aSeMil 852 $aSeMil$W1$xVenegono$y1$m1Z II 46$j124348$B124348$CSeMilBibl$Z2$F135433 $81 996 $6245$aCiviltà sepolte :$bil romanzo dell'archeologia$9(OLS)http://semarc/title/248563 996 $6260$aTorino :$bGiulio Einaudi$9(OLS)http://semarc/publisher/29810 LEADER 01079nam a2200265 i 4500 001 000000235753 003 CaOOAMICUS 005 20141113000000.0 008 141113s2011 it u000 u ita u 013 $a214657 020 $a978-88-315-4005-6 040 $aSeMil$bita 100 1 $aMorandi, Flaminia.$0(OLS)http://semarc/name/79124 245 10$aOlivier Clément :$bprofeta dell'unità /$cFlaminia Morandi. 260 $aMilano :$bPaoline,$c2011. 300 $a255 p., [4] c. di tav. :$bill. ;$c21 cm. 490 0 $aUomini e donne ;$v118 600 14$aClément, Olivier <1921-2009>.$0(OLS)http://semarc/subject/41896 830 0$aUomini e donne ;$v118.$0(OLS)http://semarc/title/10136 850 $aSeMil 852 $aSeMil$W1$xVenegono$y1$m2K II 418$j186099$B186099$CSeMilBibl$Z2$F197694 $81 961 $aLascito: Serenthà don Mario 996 $6020$a978-88-315-4005-6$9(OLS)http://semarc/number/240532 996 $6245$aOlivier Clément :$bprofeta dell'unità$9(OLS)http://semarc/title/336000 996 $6260$aMilano :$bPaoline$9(OLS)http://semarc/publisher/29684